|
|
|
|
| LEADER |
02293nam a2200601 a 4500 |
| 001 |
nkc20071756714 |
| 003 |
CZ PrNK |
| 005 |
20080228092544.0 |
| 007 |
ta |
| 008 |
071001s2007 xr f 000 0 cze |
| 015 |
|
|
|a cnb001756714
|
| 020 |
|
|
|a 978-80-903516-9-1
|q (brož.)
|
| 035 |
|
|
|a (OCoLC)228498524
|
| 040 |
|
|
|a ABA001
|b cze
|d BOA001
|
| 072 |
|
7 |
|a 101
|x Filozofie
|2 Konspekt
|9 5
|
| 080 |
|
|
|a 801.73
|2 MRF
|
| 080 |
|
|
|a 2-277.2
|2 MRF
|
| 080 |
|
|
|a 27-277.2
|2 MRF
|
| 080 |
|
|
|a 2-1:101
|2 MRF
|
| 080 |
|
|
|a 316.772.2
|2 MRF
|
| 080 |
|
|
|a 165.242.2
|2 MRF
|
| 080 |
|
|
|a 111.852
|2 MRF
|
| 080 |
|
|
|a (048.8)
|2 MRF
|
| 100 |
1 |
|
|a Konečná, Magdalena,
|d 1975-
|7 skuk0001602
|4 aut
|
| 245 |
1 |
0 |
|a Řeč a rozumění :
|b poznámky k filosofické a teologické hermeneutice H.-G. Gadamera, G. Ebelinga a E. Fuchse /
|c Magdalena Konečná
|
| 250 |
|
|
|a 1. vyd.
|
| 260 |
|
|
|a Brno :
|b Marek Konečný,
|c 2007
|
| 300 |
|
|
|a 118 s. ;
|c 18 cm
|
| 504 |
|
|
|a Obsahuje bibliografii a bibliografické odkazy
|
| 600 |
1 |
7 |
|a Gadamer, Hans-Georg,
|d 1900-2002
|7 jn20000601681
|2 czenas
|
| 600 |
1 |
7 |
|a Ebeling, Gerhard,
|d 1912-2001
|7 skuk0000351
|2 czenas
|
| 600 |
1 |
7 |
|a Fuchs, Ernst,
|d 1903-1983
|7 uk2005277775
|2 czenas
|
| 650 |
0 |
7 |
|a hermeneutika
|7 ph120687
|2 czenas
|
| 650 |
0 |
7 |
|a biblická hermeneutika
|7 ph118846
|2 czenas
|
| 650 |
0 |
7 |
|a teologie a filozofie
|7 ph332188
|2 czenas
|
| 650 |
0 |
7 |
|a verbální komunikace
|7 ph116565
|2 czenas
|
| 650 |
0 |
7 |
|a porozumění (filozofie)
|7 ph303214
|2 czenas
|
| 650 |
0 |
7 |
|a estetika
|7 ph117189
|2 czenas
|
| 650 |
0 |
9 |
|a hermeneutics
|2 eczenas
|
| 650 |
0 |
9 |
|a Biblical hermeneutics
|2 eczenas
|
| 650 |
0 |
9 |
|a theology and philosophy
|2 eczenas
|
| 650 |
0 |
9 |
|a verbal communication
|2 eczenas
|
| 650 |
0 |
9 |
|a understanding (philosophy)
|2 eczenas
|
| 650 |
0 |
9 |
|a aesthetics
|2 eczenas
|
| 655 |
|
7 |
|a studie
|7 fd133597
|2 czenas
|
| 655 |
|
9 |
|a studies
|2 eczenas
|
| 856 |
4 |
1 |
|u http://www.digitalniknihovna.cz/mzk/uuid/uuid:49f0be70-e2ef-11ef-ab07-005056827e51
|y Digitalizovaný dokument
|x NDK
|
| 910 |
2 |
|
|a BOA001
|b 1-1195.444
|
| 990 |
|
|
|a BK
|
| 995 |
|
|
|a 01
|
| 991 |
|
|
|b 200712
|c NOV
|
| 996 |
6 |
|
|b 2610327308
|c 1-1195.444
|l MZK
|r Sklad / do 1 hodiny
|n 3
|p p.v.
|w 000877733
|u 000010
|a 1
|e BOA001
|j MZK50
|s P
|
| 996 |
7 |
|
|b 2610327309
|c 1-1195.444
|l MZK
|r Sklad / do 1 hodiny
|n 18
|p p.v.
|w 000877733
|u 000020
|a 1
|e BOA001
|j MZK50
|s A
|